00456 2200181 4500245005600000020001800056250001100074100001900085700001800104700001700122650001700139005001900156260003100175041001400206084001300220300003200233336000900265 aSong For My Sweet Home Vol. 4cFujimoto, YukihText a9786022108702 aCet. 1 aFujimoto, Yuki aDewi Angraini aYoke Yuliana aKomik Jepang a20230414115527 aJakartabPT Gramediac2012 aIndonesia a741.5592 a... jil. :bilus. ;c17 cm. atext